[Event "Oberliga Nord O 1920"]
[Site "Germany"]
[Date "2020.01.19"]
[Round "5.4"]
[White "Urban, Hans Rainer"]
[Black "Brettschneider, Stefan"]
[Result "0-1"]
[WhiteElo "2030"]
[BlackElo "2278"]
[PlyCount "56"]
[EventDate "2019.09.29"]
[EventType "team-tourn"]
[EventRounds "9"]
[EventCountry "GER"]
[SourceTitle "CBM 195 Extra"]
[Source "ChessBase"]
[SourceDate "2020.05.31"]
[SourceVersion "1"]
[SourceVersionDate "2020.05.31"]
[SourceQuality "1"]

1. Nf3 Nf6 2. c4 g6 3. Nc3 d5 4. cxd5 Nxd5 5. g3 Nxc3 6. bxc3 Bg7 7. Bg2 0-0 8. 0-0 c5 9. Bb2 Nc6 10. d3 Rb8 11. Nd2 Qd7 12. Ne4 b6 13. Qc2 f5 14. Ng5 h6 15. Qb3+ Kh8 16. Nh3 Na5 17. Qc2 Bb7 18. c4 Bxg2 19. Bxg7+ Kxg7 20. Qc3+ Kh7 21. Kxg2 e6 22. Ng1 Nc6 23. Nf3 Qd6 24. h4 Rbd8 25. Rad1 Rd7 26. Rfe1 e5 27. Qc2 Qf6 28. Qb2 e4 0-1

[Event "Oberliga Nord O 1920"]
[Site "Germany"]
[Date "2019.09.29"]
[Round "1.4"]
[White "Van der Veen, Terry"]
[Black "Brettschneider, Stefan"]
[Result "1/2-1/2"]
[WhiteElo "2086"]
[BlackElo "2278"]
[PlyCount "80"]
[EventDate "2019.09.29"]
[EventType "team-tourn"]
[EventRounds "9"]
[EventCountry "GER"]
[SourceTitle "CBM 195 Extra"]
[Source "ChessBase"]
[SourceDate "2020.05.31"]
[SourceVersion "1"]
[SourceVersionDate "2020.05.31"]
[SourceQuality "1"]

1. e4 d6 2. d4 Nf6 3. Nc3 g6 4. f4 Bg7 5. Nf3 0-0 6. e5 Nfd7 7. Bc4 Nb6 8. Bb3 Nc6 9. a4 a5 10. Ne4 d5 11. Nf2 f5 12. c3 e6 13. h4 h5 14. Ng5 Bh6 15. Qd3 Kg7 16. Bc2 Qe8 17. b3 Nd7 18. Ba3 Rh8 19. Qf3 b6 20. Bd3 Bb7 21. Qe3 Nd8 22. 0-0 Rc8 23. b4 Bxg5 24. fxg5 c5 25. bxc5 bxc5 26. Bb5 Nc6 27. Nd3 c4 28. Nf4 Ndb8 29. Rab1 Qf7 30. Rb2 Rhd8 31. Rfb1 Ba8 32. Qd2 Qd7 33. Bc5 Rh8 34. Qc2 Qf7 35. Bd6 Rhd8 36. Qf2 Qe8 37. Bc5 Qf7 38. Ba3 Qd7 39. g4 hxg4 40. h5 Rh8 1/2-1/2

[Event "BL2-Nord 1819"]
[Site "Germany"]
[Date "2019.02.03"]
[Round "6.7"]
[White "Mueller, Fabian"]
[Black "Brettschneider, Stefan"]
[Result "1-0"]
[WhiteElo "2343"]
[BlackElo "2290"]
[PlyCount "167"]
[EventDate "2018.11.10"]
[EventType "team-tourn"]
[EventRounds "10"]
[EventCountry "GER"]
[SourceTitle "CBM 190 Extra"]
[Source "ChessBase"]
[SourceDate "2019.07.15"]
[SourceVersion "1"]
[SourceVersionDate "2019.07.15"]
[SourceQuality "1"]
[WhiteTeam "St Pauli"]
[BlackTeam "Berlin SF II"]
[WhiteTeamCountry "GER"]
[BlackTeamCountry "GER"]

1. d4 Nf6 2. c4 g6 3. Nc3 d5 4. cxd5 Nxd5 5. e4 Nxc3 6. bxc3 Bg7 7. Bg5 c5 8. Rc1 Qa5 9. Qd2 cxd4 10. cxd4 Qxd2+ 11. Kxd2 0-0 12. Nf3 Bg4 13. Rc7 Bxf3 14. gxf3 Bxd4 15. Bxe7 Re8 16. Bb5 Nc6 17. Bxc6 bxc6 18. Rb1 Bb6 19. Rd7 Rac8 20. Bf6 c5 21. a4 c4 22. Rb5 Re6 23. Bc3 a6 24. Rb1 Kf8 25. Ke2 Ke8 26. Rb7 Rcc6 27. h3 h5 28. Rd1 Bc7 29. Ra7 f5 30. Ra8+ Kf7 31. Rd7+ Re7 32. Rxe7+ Kxe7 33. exf5 gxf5 34. Rh8 Re6+ 35. Kd1 Be5 36. Bb4+ Kf6 37. Rc8 c3 38. Bxc3 Bxc3 39. Rxc3 Kg5 40. Rc4 f4 41. Re4 Rb6 42. Ke2 Kf5 43. Rc4 Rb2+ 44. Kf1 Rb1+ 45. Kg2 Re1 46. h4 Re5 47. Kf1 Rd5 48. Ke2 Ke5 49. Re4+ Kf5 50. Kf1 Rc5 51. Kg2 Rd5 52. Re8 Ra5 53. Rf8+ Ke5 54. Kh3 Rxa4 55. Rh8 Ra2 56. Rxh5+ Kf6 57. Kg4 Rxf2 58. Ra5 Rg2+ 59. Kxf4 Rb2 60. Rxa6+ Kg7 61. Kg4 Rb5 62. f4 Kf7 63. h5 Kg7 64. Rg6+ Kh7 65. Re6 Rb1 66. Kg5 Rg1+ 67. Kf6 Rh1 68. Re7+ Kg8 69. Ra7 Rb1 70. f5 Rb6+ 71. Kg5 Rb1 72. Kg6 Rg1+ 73. Kf6 Re1 74. Ra8+ Kh7 75. Kf7 Re2 76. f6 Re1 77. Kf8 Re2 78. f7 Re1 79. Re8 Ra1 80. Ke7 Ra7+ 81. Kf6 Ra6+ 82. Ke5 Ra5+ 83. Kd6 Rf5 84. f8R 1-0

[Event "BL2-Nord 1718"]
[Site "Germany"]
[Date "2017.11.12"]
[Round "3.8"]
[White "Muse, Drazen"]
[Black "Brettschneider, Stefan"]
[Result "1-0"]
[WhiteElo "2356"]
[BlackElo "2260"]
[PlyCount "71"]
[EventDate "2017.10.08"]
[EventType "team-tourn"]
[EventRounds "9"]
[EventCountry "GER"]
[SourceTitle "CBM 183 Extra"]
[Source "ChessBase"]
[SourceDate "2018.04.19"]
[SourceVersion "1"]
[SourceVersionDate "2018.04.19"]
[SourceQuality "1"]
[WhiteTeam "Koenig Tegel"]
[BlackTeam "Berlin SF II"]
[WhiteTeamCountry "GER"]
[BlackTeamCountry "GER"]

1. Nf3 Nf6 2. c4 g6 3. Nc3 d5 4. cxd5 Nxd5 5. Qa4+ c6 6. Qd4 f6 7. e4 Nb6 8. Qxd8+ Kxd8 9. d4 Bg7 10. Be3 Bg4 11. Be2 N8d7 12. Ng5 fxg5 13. Bxg4 Nc4 14. 0-0 Nf6 15. Be6 Nxe3 16. fxe3 Ne8 17. Rf7 Nc7 18. Bb3 Bh6 19. g4 Kd7 20. e5 Raf8 21. Raf1 Rxf7 22. Rxf7 Kd8 23. Kg2 b6 24. Ne4 Ne8 25. h3 Nc7 26. a4 Nd5 27. Bxd5 cxd5 28. Nc3 Kd7 29. Rf2 Ke6 30. Nb5 Rc8 31. Nxa7 Rc4 32. Nb5 Bg7 33. Nc3 h5 34. Kf3 Rb4 35. Rg2 h4 36. Rd2 1-0

[Event "BL2-Nord 1718"]
[Site "Germany"]
[Date "2017.10.08"]
[Round "1.8"]
[White "Holzapfel, Daniel"]
[Black "Brettschneider, Stefan"]
[Result "1/2-1/2"]
[WhiteElo "2289"]
[BlackElo "2260"]
[PlyCount "20"]
[EventDate "2017.10.08"]
[EventType "team-tourn"]
[EventRounds "9"]
[EventCountry "GER"]
[SourceTitle "CBM 183 Extra"]
[Source "ChessBase"]
[SourceDate "2018.04.19"]
[SourceVersion "1"]
[SourceVersionDate "2018.04.19"]
[SourceQuality "1"]
[WhiteTeam "Kreuzberg"]
[BlackTeam "Berlin SF II"]
[WhiteTeamCountry "GER"]
[BlackTeamCountry "GER"]

1. d4 g6 2. e4 Bg7 3. c4 c5 4. d5 e5 5. Nc3 d6 6. Nf3 Ne7 7. Be2 Na6 8. 0-0 0-0 9. Ne1 f5 10. Nd3 Nb4 1/2-1/2

[Event "BL2-Nord 1617"]
[Site "Germany"]
[Date "2017.03.19"]
[Round "7.8"]
[White "Brettschneider, Stefan"]
[Black "Gentemann, Moritz"]
[Result "1-0"]
[WhiteElo "2272"]
[BlackElo "2192"]
[PlyCount "123"]
[EventDate "2016.10.16"]
[EventType "team-tourn"]
[EventRounds "9"]
[EventCountry "GER"]
[SourceTitle "EXT 2018"]
[Source "ChessBase"]
[SourceDate "2017.10.13"]
[SourceVersion "1"]
[SourceVersionDate "2017.10.13"]
[SourceQuality "1"]
[WhiteTeam "Berlin SF II"]
[BlackTeam "Lister Turm"]
[WhiteTeamCountry "GER"]
[BlackTeamCountry "GER"]

1. Nf3 c5 2. g3 Nc6 3. e4 g6 4. Bg2 Bg7 5. 0-0 d6 6. c3 e5 7. d3 Nf6 8. Be3 0-0 9. h3 b6 10. Qd2 d5 11. exd5 Nxd5 12. Bh6 Bf5 13. Bxg7 Kxg7 14. Re1 Qf6 15. Qe2 Rfe8 16. Nbd2 Rad8 17. Ne4 Qe7 18. Rad1 h6 19. Qc2 Qd7 20. Kh2 g5 21. a3 Bg6 22. b4 cxb4 23. axb4 Qc7 24. Qb2 b5 25. Nc5 f6 26. d4 e4 27. Nd2 f5 28. Nf1 h5 29. Qd2 Kf6 30. Kg1 h4 31. g4 Nf4 32. gxf5 Bxf5 33. Nxe4+ Bxe4 34. Rxe4 Rxe4 35. Bxe4 Nxh3+ 36. Kh1 Ne7 37. Qe3 Nf4 38. Nh2 Qd7 39. Qf3 Qh3 40. Ra1 Rd7 41. Qxh3 Nxh3 42. Ng4+ Kg7 43. Ra5 Rc7 44. Rxb5 Rxc3 45. Rb7 Kf8 46. d5 Rc4 47. f3 Rd4 48. Rb8+ Kg7 49. Rb7 Kf8 50. Rb8+ Kg7 51. Rd8 Nf4 52. Rd7 Kf8 53. Ne3 Rd2 54. b5 Ke8 55. Rd6 Nc8 56. Ra6 Kd8 57. Rh6 Nb6 58. d6 Nfd5 59. Bf5 Ke8 60. Be6 Kf8 61. Nf5 Rd1+ 62. Kh2 1-0

[Event "BL2-Nord 1617"]
[Site "Germany"]
[Date "2016.12.04"]
[Round "3.7"]
[White "Budzyn, Matthias"]
[Black "Brettschneider, Stefan"]
[Result "1/2-1/2"]
[WhiteElo "2182"]
[BlackElo "2272"]
[PlyCount "95"]
[EventDate "2016.10.16"]
[EventType "team-tourn"]
[EventRounds "9"]
[EventCountry "GER"]
[SourceTitle "EXT 2018"]
[Source "ChessBase"]
[SourceDate "2017.10.13"]
[SourceVersion "1"]
[SourceVersionDate "2017.10.13"]
[SourceQuality "1"]
[WhiteTeam "Kiel Turm"]
[BlackTeam "Berlin SF II"]
[WhiteTeamCountry "GER"]
[BlackTeamCountry "GER"]

1. e4 e6 2. d4 d5 3. e5 c5 4. c3 Qb6 5. Nf3 Nc6 6. a3 c4 7. Nbd2 Na5 8. h4 Bd7 9. g3 0-0-0 10. Bh3 Kb8 11. 0-0 h6 12. h5 Ne7 13. Nh4 Rg8 14. Kh2 g6 15. Bg4 Nf5 16. Ng2 Be7 17. Nf3 Nb3 18. Rb1 Ba4 19. Bf4 Ka8 20. Qe2 Rc8 21. Kg1 Rh8 22. Rfe1 Qd8 23. Bh3 Ng7 24. hxg6 fxg6 25. g4 Qe8 26. Nd2 Na5 27. Ne3 g5 28. Bh2 Qg6 29. Bg2 Rcd8 30. f3 Ne8 31. Ndf1 Nc7 32. Ng3 Rdf8 33. Nh5 Rf7 34. f4 gxf4 35. Nxf4 Qg5 36. Rf1 Rhf8 37. Nh3 Rxf1+ 38. Rxf1 Rxf1+ 39. Bxf1 Qg6 40. Qf2 Nb3 41. Qc2 Qg8 42. Qg2 Be8 43. Bf4 Qh7 44. g5 hxg5 45. Bxg5 b5 46. Bxe7 Qxe7 47. a4 a6 48. axb5 1/2-1/2

[Event "BL2-Nord 1415"]
[Site "Germany"]
[Date "2014.12.07"]
[Round "4.8"]
[White "Breier, Andreas"]
[Black "Brettschneider, Stefan"]
[Result "0-1"]
[WhiteElo "2382"]
[BlackElo "2285"]
[PlyCount "52"]
[EventDate "2014.09.21"]
[EventType "team-tourn"]
[EventRounds "9"]
[EventCountry "GER"]
[SourceTitle "CBM 166 Extra"]
[Source "ChessBase"]
[SourceDate "2015.06.18"]
[SourceVersion "1"]
[SourceVersionDate "2015.06.18"]
[SourceQuality "1"]
[WhiteTeam "Berlin Tegel"]
[BlackTeam "Berlin SF II"]
[WhiteTeamCountry "GER"]
[BlackTeamCountry "GER"]

1. Nf3 e6 2. c4 f5 3. d4 Nf6 4. g3 Be7 5. Bg2 0-0 6. 0-0 Ne4 7. d5 Bf6 8. Nbd2 Nxd2 9. Qxd2 d6 10. dxe6 Nc6 11. Ng5 h6 12. Bd5 Qe7 13. Nh3 Ne5 14. Qc2 c6 15. Qxf5 cxd5 16. cxd5 b6 17. Qe4 Bb7 18. f4 Nd7 19. Qf3 Nc5 20. f5 Nxe6 21. e4 Nc5 22. Nf2 Rae8 23. Bf4 Nxe4 24. Rfe1 Bd4 25. Be3 Ng5 26. Bxg5 Qxg5 0-1

[Event "BL2-Nord 1415"]
[Site "Germany"]
[Date "2014.09.21"]
[Round "1.8"]
[White "Glienke, Manfred"]
[Black "Brettschneider, Stefan"]
[Result "1-0"]
[WhiteElo "2274"]
[BlackElo "2285"]
[PlyCount "115"]
[EventDate "2014.09.21"]
[EventType "team-tourn"]
[EventRounds "9"]
[EventCountry "GER"]
[SourceTitle "CBM 166 Extra"]
[Source "ChessBase"]
[SourceDate "2015.06.18"]
[SourceVersion "1"]
[SourceVersionDate "2015.06.18"]
[SourceQuality "1"]
[WhiteTeam "Berlin Kreuzberg"]
[BlackTeam "Berlin SF II"]
[WhiteTeamCountry "GER"]
[BlackTeamCountry "GER"]

1. d4 d6 2. e4 Nf6 3. Nc3 g6 4. Bc4 Bg7 5. Bb3 Nc6 6. Nge2 Na5 7. 0-0 Nxb3 8. axb3 0-0 9. h3 b6 10. Bg5 Bb7 11. f3 h6 12. Bh4 e5 13. Bf2 Qe7 14. Re1 a6 15. Bh4 Qe8 16. Qd3 Kh8 17. Rad1 Ng8 18. Qc4 Qc6 19. Qd3 Bf6 20. Bf2 Rae8 21. Nd5 Bd8 22. c4 Bc8 23. b4 Qb7 24. c5 bxc5 25. bxc5 Bd7 26. Nec3 c6 27. Nb6 Bxb6 28. cxb6 Be6 29. dxe5 dxe5 30. Na4 c5 31. Qd6 Rd8 32. Qxe5+ Kh7 33. Nxc5 Qxb6 34. Nd7 Qb3 35. Nxf8+ Rxf8 36. Bd4 f6 37. Qc7+ Rf7 38. Qc3 Qb5 39. b4 Qg5 40. Qe3 Qh5 41. Rc1 Qb5 42. Bc5 a5 43. bxa5 Qxa5 44. Ra1 Qb5 45. Reb1 Qc4 46. Rc1 Qb5 47. Ra7 h5 48. Rxf7+ Bxf7 49. Bd4 Qb8 50. Qc3 Qd8 51. Ra1 g5 52. Ra6 g4 53. hxg4 hxg4 54. fxg4 Nh6 55. Rxf6 Qd7 56. g5 Ng4 57. Qh3+ Kg8 58. Rd6 1-0

[Event "BL2-Nord 1314"]
[Site "Germany"]
[Date "2013.11.10"]
[Round "2.7"]
[White "Brettschneider, Stefan"]
[Black "Sprotte, Norbert"]
[Result "1/2-1/2"]
[WhiteElo "2276"]
[BlackElo "2169"]
[PlyCount "49"]
[EventDate "2013.10.13"]
[EventType "team-tourn"]
[EventRounds "9"]
[EventCountry "GER"]
[SourceTitle "EXT 2015"]
[Source "ChessBase"]
[SourceDate "2014.11.20"]
[SourceVersion "1"]
[SourceVersionDate "2014.11.20"]
[SourceQuality "1"]
[WhiteTeam "Berlin SF II"]
[BlackTeam "Kreuzberg"]
[WhiteTeamCountry "GER"]
[BlackTeamCountry "GER"]

1. g3 d5 2. Bg2 Nf6 3. f4 g6 4. Nf3 Bg7 5. 0-0 0-0 6. d3 c6 7. e3 Nbd7 8. Qe2 Ne8 9. Nc3 e5 10. Kh1 Nd6 11. e4 d4 12. Nd1 f6 13. Nf2 c5 14. Bd2 Rb8 15. Ng4 Nf7 16. c3 dxc3 17. bxc3 Nb6 18. Ne3 Qd6 19. Nd5 Nxd5 20. exd5 Bd7 21. fxe5 fxe5 22. Rab1 b6 23. Ng5 Nxg5 24. Bxg5 Rxf1+ 25. Rxf1 1/2-1/2

[Event "Oberliga Nord O 1213"]
[Site "Germany"]
[Date "2013.03.17"]
[Round "8.3"]
[White "Brettschneider, Stefan"]
[Black "Leisner, Hannes"]
[Result "1/2-1/2"]
[WhiteElo "2306"]
[BlackElo "2202"]
[PlyCount "137"]
[EventDate "2012.10.17"]
[EventType "team-tourn"]
[EventRounds "9"]
[EventCountry "GER"]
[SourceTitle "EXT 2015"]
[Source "ChessBase"]
[SourceDate "2014.11.20"]
[SourceVersion "1"]
[SourceVersionDate "2014.11.20"]
[SourceQuality "1"]
[WhiteTeam "Berlin SF"]
[BlackTeam "Greifswald"]
[WhiteTeamCountry "GER"]
[BlackTeamCountry "GER"]

1. e4 c5 2. Nc3 e6 3. g3 d5 4. d3 Be7 5. e5 Nc6 6. Nf3 b5 7. Bg2 b4 8. Ne2 Nh6 9. Bxh6 gxh6 10. Qd2 Qc7 11. Qxh6 Nxe5 12. Ng5 Ng6 13. f4 Bxg5 14. Qxg5 Qe7 15. Qh5 Qf6 16. 0-0 Ne7 17. g4 Rg8 18. Ng3 Qg6 19. h3 Qxh5 20. Nxh5 Kd8 21. Nf6 Rg7 22. a3 Nc6 23. axb4 cxb4 24. c4 bxc3 25. bxc3 Bd7 26. Rfb1 Ke7 27. g5 h6 28. h4 hxg5 29. hxg5 Rg6 30. Rb7 Rd8 31. Ra6 Rxf6 32. gxf6+ Kxf6 33. Rxd7 Rxd7 34. Rxc6 Kf5 35. Kf2 Kxf4 36. Ra6 Rc7 37. Ra4+ Ke5 38. Ra3 Kf4 39. Ra4+ Ke5 40. c4 dxc4 41. dxc4 Kd4 42. Bf1 Rb7 43. Ra6 Rb2+ 44. Be2 Rb7 45. Rd6+ Ke5 46. Rd2 f5 47. c5 Rc7 48. Rc2 a5 49. Bb5 Rh7 50. Kf3 Rh3+ 51. Kg2 Rh7 52. Kg3 Rg7+ 53. Kf3 Rh7 54. c6 Kd6 55. Kf4 Rg7 56. Rd2+ Kc5 57. Rc2+ Kd6 58. Rd2+ Kc5 59. Ke5 Kxb5 60. Kd6 a4 61. Rb2+ Kc4 62. Rb7 Rg8 63. c7 Rc8 64. Kd7 Rxc7+ 65. Rxc7+ Kb3 66. Kxe6 a3 67. Rb7+ Kc2 68. Rc7+ Kb3 69. Kxf5 1/2-1/2

[Event "Oberliga Nord O 1213"]
[Site "Germany"]
[Date "2013.01.13"]
[Round "5.3"]
[White "Wlodarczyk, Oskar"]
[Black "Brettschneider, Stefan"]
[Result "1-0"]
[WhiteElo "2279"]
[BlackElo "2306"]
[PlyCount "183"]
[EventDate "2012.10.17"]
[EventType "team-tourn"]
[EventRounds "9"]
[EventCountry "GER"]
[SourceTitle "EXT 2015"]
[Source "ChessBase"]
[SourceDate "2014.11.20"]
[SourceVersion "1"]
[SourceVersionDate "2014.11.20"]
[SourceQuality "1"]
[WhiteTeam "Ruedersdorf"]
[BlackTeam "Berlin SF"]
[WhiteTeamCountry "GER"]
[BlackTeamCountry "GER"]

1. e4 e6 2. d4 d5 3. Nc3 Bb4 4. e5 c5 5. a3 Bxc3+ 6. bxc3 Qa5 7. Bd2 Qa4 8. Qg4 g6 9. Ra2 Nc6 10. Nf3 Bd7 11. Be2 0-0-0 12. Qf4 Nge7 13. 0-0 h6 14. h4 c4 15. Rb1 Rdf8 16. g3 Ng8 17. Bf1 f5 18. exf6 Nxf6 19. Be1 Ne4 20. Qe3 Rf7 21. Nd2 Nd6 22. Bg2 Qa5 23. Nf3 Nf5 24. Qe2 Qc7 25. Bd2 Nd6 26. Ne5 Nxe5 27. Qxe5 Rhh7 28. Bf4 Ne8 29. Qe3 Rxf4 30. Qxf4 Qxf4 31. gxf4 Rf7 32. Kh2 Rxf4 33. Kg3 Rf6 34. Re1 Ng7 35. Re2 Nh5+ 36. Kh2 Rf4 37. f3 Rxh4+ 38. Kg1 Ng3 39. Re5 g5 40. Ra1 Ba4 41. Rc1 Kd7 42. Bf1 b6 43. Re3 Ke7 44. Re5 Kf6 45. Re3 Kf5 46. Re5+ Kg6 47. Re3 Kf6 48. Re5 Nf5 49. Re3 Ne7 50. Rce1 Bd7 51. R3e2 Nf5 52. Bg2 h5 53. Kf2 Rf4 54. Kg1 Nh4 55. Rf2 Be8 56. Ra1 b5 57. Bh1 Ke7 58. Bg2 Kd6 59. Bh1 Kc6 60. Re1 Kd6 61. Re5 Nf5 62. Bg2 Rh4 63. f4 Rg4 64. fxg5 Rxg5 65. Kh2 Bd7 66. Bh3 h4 67. Rf4 Rh5 68. Bg4 Rh6 69. Bxf5 exf5 70. Re3 a5 71. Kg2 Rg6+ 72. Kf2 Rg4 73. Rxg4 fxg4 74. Re5 Be6 75. Rh5 g3+ 76. Kg2 Bg4 77. Rh6+ Kc7 78. Rxh4 Bd1 79. Kxg3 Bxc2 80. Kf4 Be4 81. Ke5 b4 82. axb4 axb4 83. cxb4 c3 84. Rh3 c2 85. Rc3+ Kb6 86. Rc5 Kb7 87. Kf4 Kb6 88. Ke3 Ka6 89. Kd2 Kb6 90. Rxc2 Kb5 91. Rc5+ Kxb4 92. Ke3 1-0

[Event "Oberliga Nord O 1213"]
[Site "Germany"]
[Date "2012.11.11"]
[Round "2.2"]
[White "Brettschneider, Stefan"]
[Black "Lerch, Philipp"]
[Result "1-0"]
[WhiteElo "2306"]
[BlackElo "2110"]
[PlyCount "65"]
[EventDate "2012.10.17"]
[EventType "team-tourn"]
[EventRounds "9"]
[EventCountry "GER"]
[SourceTitle "EXT 2015"]
[Source "ChessBase"]
[SourceDate "2014.11.20"]
[SourceVersion "1"]
[SourceVersionDate "2014.11.20"]
[SourceQuality "1"]
[WhiteTeam "Berlin SF"]
[BlackTeam "Koenig Tegel"]
[WhiteTeamCountry "GER"]
[BlackTeamCountry "GER"]

1. e4 c5 2. Nc3 Nc6 3. g3 g6 4. Bg2 Bg7 5. d3 e6 6. Be3 d6 7. Qd2 Nge7 8. Bh6 0-0 9. h4 Kh8 10. Bxg7+ Kxg7 11. h5 Ng8 12. Nf3 Nd4 13. Nxd4 cxd4 14. Nb5 e5 15. h6+ Kf6 16. f4 a5 17. c3 Qb6 18. a4 Bd7 19. fxe5+ dxe5 20. cxd4 Bxb5 21. dxe5+ Ke7 22. axb5 Qxb5 23. d4 Rfc8 24. Kf2 Rd8 25. Rhd1 Qb6 26. Kg1 Kf8 27. Ra3 Ne7 28. Qf2 Kg8 29. Rf3 Nc6 30. Rfd3 Nb4 31. R3d2 Ra6 32. Bf1 Raa8 33. Bc4 1-0

[Event "Oberliga Nord O 0304"]
[Site "Germany"]
[Date "2004.03.28"]
[Round "8.2"]
[White "Brettschneider, Stefan"]
[Black "Schulz, Karsten"]
[Result "1-0"]
[WhiteElo "2272"]
[BlackElo "2364"]
[PlyCount "119"]
[EventDate "2003.10.12"]
[EventType "team-tourn"]
[EventRounds "9"]
[EventCountry "GER"]
[SourceTitle "EXT 2005"]
[Source "ChessBase"]
[SourceDate "2004.11.15"]
[SourceVersion "1"]
[SourceVersionDate "2004.11.15"]
[SourceQuality "1"]
[WhiteTeam "Neukoelln II"]
[BlackTeam "Cottbus"]
[WhiteTeamCountry "GER"]
[BlackTeamCountry "GER"]

1. e4 c6 2. d3 d5 3. Nd2 g6 4. g3 Bg7 5. Bg2 e5 6. Ne2 Nf6 7. 0-0 0-0 8. b3 Be6 9. Bb2 dxe4 10. dxe4 Qc7 11. Nc1 Nbd7 12. Nd3 Rfd8 13. Qe2 Ne8 14. c4 Qd6 15. Nf3 f6 16. Rfd1 Qc7 17. Rac1 Bf8 18. Nfe1 b6 19. f4 Bd6 20. Nf3 exf4 21. e5 Nxe5 22. Nfxe5 fxe5 23. gxf4 Ng7 24. Nxe5 Bc5+ 25. Kh1 Rxd1+ 26. Rxd1 Rf8 27. Nd3 Re8 28. Nxc5 bxc5 29. Qe5 Qxe5 30. Bxe5 Rc8 31. Rd6 Bf5 32. Rxc6 Rxc6 33. Bxc6 Ne6 34. Bd5 Kf7 35. Kg2 Ke7 36. Kf3 Bb1 37. a3 a5 38. Bc3 Bc2 39. Ke3 Bxb3 40. Bxa5 Kd6 41. Bc3 Nf8 42. Be5+ Ke7 43. Kd3 Nd7 44. Bg7 Ba4 45. Bb7 Kd6 46. Kc3 Bd1 47. Be4 Nb6 48. Bf8+ Kc7 49. Bxc5 Nd7 50. Bd4 Nf8 51. c5 Ba4 52. Be5+ Kd7 53. Kb4 Bc6 54. Bd3 Ne6 55. f5 gxf5 56. Bxf5 h5 57. Bd6 Bd5 58. Kb5 Kd8 59. Bxe6 Bxe6 60. c6 1-0

[Event "Oberliga Nord O 0304"]
[Site "Germany"]
[Date "2004.03.07"]
[Round "7.2"]
[White "Schurade, Matthias"]
[Black "Brettschneider, Stefan"]
[Result "1/2-1/2"]
[WhiteElo "2374"]
[BlackElo "2272"]
[PlyCount "73"]
[EventDate "2003.10.12"]
[EventType "team-tourn"]
[EventRounds "9"]
[EventCountry "GER"]
[SourceTitle "EXT 2005"]
[Source "ChessBase"]
[SourceDate "2004.11.15"]
[SourceVersion "1"]
[SourceVersionDate "2004.11.15"]
[SourceQuality "1"]
[WhiteTeam "Schwedt"]
[BlackTeam "Neukoelln II"]
[WhiteTeamCountry "GER"]
[BlackTeamCountry "GER"]

1. e4 d6 2. d4 Nf6 3. Nc3 g6 4. Nf3 Bg7 5. h3 0-0 6. Be3 Nbd7 7. e5 Ne8 8. Qd2 c6 9. Bh6 Qa5 10. Bxg7 Nxg7 11. exd6 exd6 12. Be2 Nf6 13. 0-0 Bf5 14. b4 Qd8 15. Rfe1 Re8 16. Bc4 d5 17. Bf1 Ne4 18. Nxe4 dxe4 19. Nh2 Qf6 20. c3 Rad8 21. g4 Bc8 22. Bg2 Qh4 23. f3 exf3 24. Nxf3 Qg3 25. Qf2 Qd6 26. Ng5 f5 27. Bf1 Ne6 28. Bc4 Kg7 29. Bxe6 Bxe6 30. Nxe6+ Rxe6 31. Rxe6 Qxe6 32. Re1 Qf6 33. gxf5 Rd5 34. Qe3 Rxf5 35. Qe7+ Qxe7 36. Rxe7+ Rf7 37. Re3 1/2-1/2

[Event "Oberliga Nord O 0203"]
[Site "Germany"]
[Date "2003.02.09"]
[Round "6.2"]
[White "Postler, Reinhard"]
[Black "Brettschneider, Stefan"]
[Result "1/2-1/2"]
[WhiteElo "2283"]
[BlackElo "2273"]
[PlyCount "48"]
[EventDate "2002.10.20"]
[EventType "team-tourn"]
[EventRounds "9"]
[EventCountry "GER"]
[SourceTitle "EXT 2009"]
[Source "ChessBase"]
[SourceDate "2008.11.26"]
[SourceVersion "1"]
[SourceVersionDate "2008.11.26"]
[SourceQuality "1"]
[WhiteTeam "Oberschoeneweide"]
[BlackTeam "Neukoelln "]
[WhiteTeamCountry "GER"]
[BlackTeamCountry "GER"]

1. e4 d6 2. d4 Nf6 3. Nc3 g6 4. Nf3 Bg7 5. Be2 0-0 6. 0-0 c6 7. e5 dxe5 8. Nxe5 Bf5 9. Re1 Qb6 10. Bc4 Nbd7 11. Nxd7 Nxd7 12. g4 Be6 13. d5 cxd5 14. Nxd5 Bxd5 15. Qxd5 Nf6 16. Qb5 Qd4 17. h3 a6 18. Qb4 Nxg4 19. hxg4 Qxg4+ 20. Kf1 Qh3+ 21. Kg1 Qg4+ 22. Kf1 Qh3+ 23. Kg1 Qg4+ 24. Kf1 Qh3+ 1/2-1/2

[Event "BL2-Nord 0102"]
[Site "Germany"]
[Date "2002.03.17"]
[Round "7.6"]
[White "Brettschneider, Stefan"]
[Black "Christ, Ralf"]
[Result "1-0"]
[WhiteElo "2265"]
[BlackElo "2281"]
[PlyCount "121"]
[EventDate "2001.10.07"]
[EventType "team-tourn"]
[EventRounds "9"]
[EventCountry "GER"]
[SourceTitle "CBM 088 Extra"]
[Source "ChessBase"]
[SourceDate "2002.07.01"]
[SourceVersion "2"]
[SourceVersionDate "2002.07.01"]
[SourceQuality "1"]
[WhiteTeam "Neukloster"]
[BlackTeam "Luebeck II"]
[WhiteTeamCountry "GER"]
[BlackTeamCountry "GER"]

1. e4 c5 2. Nc3 Nc6 3. g3 g6 4. Bg2 Bg7 5. d3 d6 6. f4 e6 7. Nf3 Nge7 8. 0-0 0-0 9. Be3 Rb8 10. Qd2 Nd4 11. Rab1 b6 12. Ne2 Nxf3+ 13. Bxf3 Bb7 14. c3 f5 15. Kg2 Qd7 16. Ng1 Rbd8 17. Rbd1 e5 18. c4 Nc6 19. Nh3 Nd4 20. Bxd4 cxd4 21. fxe5 dxe5 22. Qe2 Rde8 23. g4 f4 24. b4 Bf6 25. Ra1 Bc8 26. Ng1 Re7 27. a4 Rg7 28. a5 Be7 29. axb6 axb6 30. b5 Bc5 31. Ra8 Rgf7 32. Rfa1 Kg7 33. R1a4 Qd6 34. Qa2 Be6 35. R4a7 Rxa7 36. Rxa7+ Rf7 37. Ra8 Qe7 38. Rb8 Qh4 39. Qa8 Qe1 40. Rg8+ Kh6 41. Qe8 Be7 42. Qc6 Rf6 43. Qc7 Qd2+ 44. Kh1 Bxg8 45. Qxe7 Rf7 46. Qxe5 g5 47. h4 gxh4 48. Qd6+ Kg7 49. Qxd4+ Kf8 50. e5 h3 51. e6 h2 52. exf7 hxg1Q+ 53. Kxg1 Bxf7 54. Qd6+ Kg7 55. Qe5+ Kf8 56. Qe2 Qc1+ 57. Kf2 Qa1 58. Qe4 Qb2+ 59. Be2 Qf6 60. Kf3 Bg6 61. Qxf4 1-0

[Event "BL2-Nord 9900"]
[Site "Germany"]
[Date "2000.02.20"]
[Round "6.8"]
[White "Brettschneider, Stefan"]
[Black "Klimm, Wolf Dietrich"]
[Result "1/2-1/2"]
[WhiteElo "2250"]
[BlackElo "2210"]
[PlyCount "81"]
[EventDate "1999.10.10"]
[EventType "team-tourn"]
[EventRounds "9"]
[EventCountry "GER"]
[SourceTitle "CBM 074 Extra"]
[Source "ChessBase"]
[SourceDate "2000.03.10"]
[SourceVersion "2"]
[SourceVersionDate "2000.03.10"]
[SourceQuality "1"]
[WhiteTeam "Neukloster"]
[BlackTeam "Zehlendorf"]
[WhiteTeamCountry "GER"]
[BlackTeamCountry "GER"]

1. e4 c6 2. Nc3 d5 3. f4 dxe4 4. Nxe4 Nd7 5. Nf3 Ngf6 6. Nf2 e6 7. g3 b6 8. Bg2 Bb7 9. 0-0 Be7 10. b3 0-0 11. Bb2 c5 12. Re1 Re8 13. Qe2 Qc7 14. d3 Rac8 15. Rad1 b5 16. c4 Qb6 17. Ne4 a6 18. Ne5 Nxe5 19. Bxe5 Nxe4 20. Bxe4 Bxe4 21. dxe4 Red8 22. Bc3 Rxd1 23. Rxd1 Rd8 24. Rxd8+ Qxd8 25. cxb5 axb5 26. Kf2 Qb6 27. Ke3 c4+ 28. Bd4 Qc6 29. bxc4 bxc4 30. Qb2 f5 31. exf5 exf5 32. Qb8+ Kf7 33. Qe5 g6 34. Kf2 Qh1 35. Qg7+ Ke6 36. Qg8+ Kd7 37. Qxc4 Qxh2+ 38. Kf3 Qh1+ 39. Kf2 Qh2+ 40. Kf3 Qh1+ 41. Kf2 1/2-1/2